Johann Klaj und Daniel Naborowski als Vertreter der Lyrik im Barockzeitalter
| Titel: | Johann Klaj und Daniel Naborowski als Vertreter der Lyrik im Barockzeitalter |
|---|---|
| Verfasser: | |
| In: |
Deutsch-polnische Beziehungen in Kultur und Literatur ; 4. 13. - 15. April 2012, (2012), Seite 103-111 alle Artikel anzeigen |
| Veröffentlicht: | 2012 |
| Format: | Aufsatz |
| Sprache: | Deutsch |
X
alg: 39275301 001A $01999:11-11-16 001B $01999:28-04-17 $t15:15:09.000 001D $01999:11-11-16 001U $0utf8 001X $00 002@ $0Aox 003@ $0392753014 007A $0392753014 $aHEB 007T $0Herdc0098877m 010@ $ager 011@ $a2012 021A $aJohann Klaj und Daniel Naborowski als Vertreter der Lyrik im Barockzeitalter 028A $aSobótka $dBrygida 031A $h103-111 $j2012 039B $aIn $8--Afu--. Deutsch-polnische Beziehungen in Kultur und Literatur ; 4. 13. - 15. April 2012. - Warszawa : Inst. Germanistyki Uniw. Warszawskiego, 2012. - 344 S.. - Ill.. - ISBN 83-89919-81-8 $x201200000000000897 $9334894433 lok: 39275301 78 exp: 39275301 78 1 #EPN 201B/01 $019-04-17 $t11:32:31.000 201U/01 $0utf8 203@/01 $0788852388 208@/01 $a11-11-16 $be 209A/01 $a/ $f000 $x00 220C/01 $aTitelaufnehmer: pg 220C/01 $aHerkunft: HI Marburg 244Z/01 $2Trx $#Poola $#Lenkija $#Polija $#Polen Land $#Poland $#Lengyelország $#Poľsko $#Polsko $8--Trx--Polska$gkraj $x01 $9391345966 244Z/01 $aGeschichte 1573-1656 $x02 244Z/01 $2Trx $8--Trx--Naborowski, Daniel$Z1573-1640 $x03 $9390529028 244Z/01 $2Trx $#Clajus der Jüngere $8--Trx--Klaj, Johann$Z1616-1656 $x04 $939075823X 244Z/01 $2Trx $#lüürika $#lyrika $#Poetry $#líra $#poezja $#lyrika $#lyrika $#Poesie $#Dichtung $#liryka $#básnictvo $#poézia $#básnictví $#poezie $8--Trx--Lyrik $x05 $939135986X 244Z/01 $2Trx $#barokk $#barokas $#Baroque $#barokk $#barok $#baroko $#baroko $8--Trx--Barock $x06 $9391357646 244Z/01 $2Trx $8--Trx--Einzelbeiträge $x07 $9391384570 245Z/01 $a11.08;12.03 $x01 247C/01 $82080>Marburg/Lahn, Herder-Institut, Forschungsbibliothek, Bibliographieportal $9336309341
| LEADER | 00000caa a22000002c 4500 | ||
|---|---|---|---|
| 001 | 392753014 | ||
| 003 | DE-603 | ||
| 005 | 20170428151509.0 | ||
| 007 | tu | ||
| 008 | 161111s2012 xx |||| | u00||u|ger c | ||
| 035 | |a (DE-599)HEB392753014 | ||
| 040 | |a DE-603 |b ger |c DE-603 |d DE-603 | ||
| 041 | |a ger | ||
| 100 | 1 | |a Sobótka, Brygida | |
| 245 | 0 | 0 | |a Johann Klaj und Daniel Naborowski als Vertreter der Lyrik im Barockzeitalter |
| 264 | 0 | |c 2012 | |
| 773 | 0 | 8 | |i In |t Deutsch-polnische Beziehungen in Kultur und Literatur ; 4. 13. - 15. April 2012 |d Warszawa : Inst. Germanistyki Uniw. Warszawskiego, 2012 |h 344 S., Ill. |z 8389919818 |g (2012), Seite 103-111 |w (DE-603)334894433 |
| 924 | 0 | |9 2080 |a (DE-603)788852388 |b DE-2080 |c HES |d d |g / | |


